[Event "7th Altibox Norway Chess Armageddon 2019"]
[Site "Stavanger"]
[Date "2019.06.08"]
[Round "4.1"]
[White "Carlsen, Magnus"]
[Black "Mamedyarov, Shakhriyar"]
[Result "1-0"]
[WhiteElo "2875"]
[BlackElo "2774"]
[Annotator "TA"]
[PlyCount "115"]
[EventDate "2019.06.04"]
[EventType "tourn"]
[EventCountry "NOR"]
[SourceTitle "playchess.com"]
[Source "ChessBase"]
[SourceQuality "1"]

{[%evp 27,115,23,23,23,26,23,23,22,22,23,62,58,64,16,26,13,67,68,65,63,63,63,63,52,73,50,50,57,54,50,50,16,17,9,7,6,29,12,17,10,58,58,58,51,51,47,48,48,46,46,46,46,48,58,56,48,50,36,36,36,68,39,50,36,45,36,273,260,234,59,59,57,57,52,52,52,52,52,69,70,353,0,48,0,0,0,29989,29990,29994,29995]} 1. d4 (1. Nf3 Nf6 2. c4 g6 3. Nc3 d5 4. cxd5 Nxd5 5. e4 Nxc3 6. bxc3 Bg7 7. d4 c5 8. Be3 Qa5 9. Qd2 Nc6 10. Rc1 cxd4 11. cxd4 Qxd2+ 12. Kxd2 O-O 13. d5 Rd8 14. Ke1 Nb4 15. Bd2 Na6 16. Bxa6 bxa6 17. Ba5 Rd7 18. Ke2 f5 19. Ng5 fxe4 20. Rhd1 Bh6 21. h4 Rb7 22. Rd4 Rb2+ {½-½ (41) Mchedlishvili,M (2631)-Volokitin,A (2682) Warsaw 2013}) 1... Nf6 2. c4 g6 3. Nc3 d5 4. cxd5 Nxd5 5. e4 Nxc3 6. bxc3 Bg7 7. Be3 c5 8. Rc1 O-O 9. Nf3 Qa5 10. Qd2 cxd4 11. cxd4 Qxd2+ 12. Nxd2 $146 ({Predecessor:} 12. Kxd2 Nc6 13. d5 Rd8 14. Ke1 Nb4 15. Bd2 Na6 16. Bg5 Kf8 17. Bxa6 bxa6 18. Nd2 h6 19. Be3 f5 20. f3 e6 21. d6 Ke8 22. Rc7 Rd7 {½-½ (46) Saiyn,Z (2394)-Tabatabaei,M (2482) Doha 2015}) 12... Rd8 13. Nf3 Nc6 14. d5 Nb4 15. Bd2 {D85: Exchange Grünfeld: Unusual White 7th moves and lines with 7 Nf3} Na6 16. Bg5 Kf8 17. Bxa6 {White has an edge.} bxa6 18. O-O Rb8 19. Rc7 Rd7 20. Rc6 Rdb7 21. Bf4 Ra8 (21... Bd7 $11) 22. Rfc1 $14 ({Reject} 22. Rxa6 $6 Rb4 $11) 22... Bd7 23. Rc7 Rxc7 24. Rxc7 Ke8 25. h3 h6 26. Ne5 Bxe5 27. Bxe5 {[%mdl 4096] Endgame KRB-KRB} f5 28. exf5 Bxf5 29. a3 Rd8 30. d6 exd6 31. Bf4 g5 32. Be3 Rd7 33. Rc6 Kf7 34. Rxa6 Bd3 35. Ra4 a6 36. h4 d5 37. hxg5 hxg5 38. Rd4 Bc4 39. Bxg5 Rb7 40. Rf4+ Ke6 41. g4 Rb3 42. Bh4 Rxa3 43. g5 Ra1+ 44. Kh2 {Threatens to win with g6.} d4 $1 45. g6 Bd5 $1 46. f3 {Black must now prevent g7.} d3 $2 ({Better is} 46... Rc1 $14) 47. g7 $1 $18 {[%cal Rg7g8]} Ke5 {[#]} 48. Bg3 $2 ({White must play} 48. Rf8 $1 $18 Ra2+ 49. Kg3) 48... Ra2+ $14 49. Kh3 d2 $1 50. Rf7+ Kd4 51. g8=Q {White threatens Rf4+ and mate.} d1=Q 52. Qg7+ Kd3 53. Qg6+ Kd4 $2 {[%mdl 8192] [#]} ({Black should play} 53... Kd2 $1 $14) 54. Qf6+ $2 (54. Qd6 $1 $18 {And now Rf4+ would win.} a5 55. Qxd5+ Kxd5 56. Rd7+ {[%mdl 64] Skewer} Kc6 57. Rxd1) 54... Kd3 {Strongly threatening ...Qh1+.} (54... Kc4 $5 {[%cal Rd5f7]} 55. Rf8 Qxf3 56. Qxf3 Bxf3 $11) 55. Qf5+ Kc4 56. Rc7+ Kb5 $2 {[%mdl 8192]} (56... Kb4 $11) 57. Qd7+ Kb4 58. Qd6+ {Accuracy: White = 60%, Black = 50%.} 1-0

[Event "7th Altibox Norway Chess Armageddon 2019"]
[Site "Stavanger"]
[Date "2019.06.08"]
[Round "4.2"]
[White "Aronian, Levon"]
[Black "Vachier-Lagrave, Maxime"]
[Result "1/2-1/2"]
[WhiteElo "2752"]
[BlackElo "2779"]
[Annotator "TA"]
[PlyCount "84"]
[EventDate "2019.06.04"]
[EventType "tourn"]
[EventCountry "NOR"]
[SourceTitle "playchess.com"]
[Source "ChessBase"]
[SourceQuality "1"]

{[%evp 9,84,7,12,4,29,0,0,0,0,7,0,8,13,20,31,-16,-20,-71,-75,-112,-108,-141,-129,-245,-265,-302,-305,-355,-367,-369,-354,-329,-354,-387,-325,-305,-240,-306,-230,-372,-297,-254,-254,-254,-254,-229,-232,-221,-214,-215,-205,-283,-271,-274,-245,-239,-97,-170,-163,-162,-147,-155,-143,-136,-124,-122,-99,-104,-70,-58,-8,-8,-8,-8,0,-7,0]} 1. c4 c5 2. Nc3 g6 3. g3 Bg7 4. Bg2 Nc6 5. d3 Nf6 6. Rb1 {A36: Symmetrical English vs ...g6: 4 Bg2 Bg7} (6. Nf3 O-O 7. O-O b6 8. e4 Bb7 9. a3 d6 10. Rb1 e6 11. b4 Rb8 {½-½ (11) Stevic,H (2586)-Saric,I (2691) Bjelovar 2019}) 6... e6 7. a3 d5 8. Bg5 dxc4 9. dxc4 $146 ({Predecessor:} 9. Bxc6+ bxc6 10. dxc4 Qxd1+ 11. Kxd1 Ng4 12. Ne4 f5 13. h3 fxe4 14. hxg4 {1-0 (28) Sergeev,V (2438)-Blahynka,M (2210) Brno 2014}) 9... Qxd1+ 10. Rxd1 Bd7 11. Nb5 {Hoping for Nc7+.} Ke7 $1 12. Nd6 h6 13. Bf4 (13. Bxf6+ $11 {keeps the balance.} Bxf6 14. Nxb7) 13... g5 $17 14. Be3 {[#]} b6 $1 15. h4 g4 16. b4 (16. h5 $17) 16... cxb4 $19 17. axb4 Nxb4 18. Bxa8 {White wants to play Bb7.} Nc2+ 19. Kd2 Nxe3 20. Kxe3 Rxa8 21. f3 Bc6 22. Nb5 Nd7 23. Kf2 Ne5 24. Rc1 (24. Na3 {keeps fighting.}) 24... gxf3 25. Nxf3 Bxf3 26. exf3 Nd3+ 27. Ke3 Nxc1 28. Rxc1 {[%mdl 4096] Endgame KRB-KRN} a6 29. Nc3 Rc8 30. Ne4 f5 31. Nd2 Be5 32. Rb1 b5 ({Don't do} 32... Bxg3 33. Rxb6 a5 34. f4) (32... Bd6 $19 {has better winning chances.} 33. Kd3 Bc5) 33. cxb5 (33. f4 $17 Bg7 34. cxb5 Rc3+ 35. Ke2 axb5 36. Rxb5) 33... axb5 34. g4 Rc3+ 35. Ke2 Bf4 {[#] White must now prevent ...Rc2.} 36. Nb3 fxg4 37. fxg4 e5 38. Na5 e4 {Threatens to win with ...Rc2+.} 39. Rb4 Rc2+ 40. Kd1 {The position is equal.} Rc1+ 41. Ke2 Rc2+ 42. Kd1 Rc1+ {Accuracy: White = 38%, Black = 64%.} 1/2-1/2

[Event "7th Altibox Norway Chess Armageddon 2019"]
[Site "Stavanger"]
[Date "2019.06.08"]
[Round "4.3"]
[White "Caruana, Fabiano"]
[Black "So, Wesley"]
[Result "1/2-1/2"]
[WhiteElo "2819"]
[BlackElo "2754"]
[Annotator "TA"]
[PlyCount "142"]
[EventDate "2019.06.04"]
[EventType "tourn"]
[EventCountry "NOR"]
[SourceTitle "playchess.com"]
[Source "ChessBase"]
[SourceQuality "1"]

{[%evp 15,142,20,23,18,27,19,19,20,18,4,51,44,44,36,35,38,76,65,74,59,82,76,110,108,113,118,118,115,120,118,106,106,126,122,132,130,141,103,98,105,107,118,101,97,197,106,164,115,115,89,195,180,171,189,177,169,162,90,80,20,68,61,90,90,90,90,90,90,107,97,93,68,106,106,126,100,6070,0,0,0,0,0,0,0,0,0,0,0,0,0,8,11,19,19,33,0,0,0,8,0,0,0,0,0,8,0,83,0,0,0,0,0,0,0,0,0,206,12,4622,8,8,0,0,0,0,0,0,0,0]} 1. e4 e5 2. Nf3 Nf6 3. Nxe5 d6 4. Nf3 Nxe4 5. Nc3 Nxc3 6. dxc3 Be7 7. Be3 Nc6 8. Qd2 Be6 9. O-O-O {C42: Petroff Defence: 3 Nxe5 and unusual White 3rd moves} Qd7 (9... Bxa2 $2 10. b3 $18) 10. h4 h6 (10... Bxa2 $2 11. b3 $18) 11. Nd4 Nxd4 ({Wrong is} 11... Bxa2 $2 12. b3 $18) 12. Bxd4 Rg8 13. c4 c5 14. Bc3 O-O-O 15. Qe3 {[#]} g5 $146 ({Predecessor:} 15... Rde8 16. Kb1 Bf6 {½-½ (31) Nisipeanu,L (2672)-Wang,Y (2752) Medias 2010}) 16. hxg5 $1 hxg5 17. Be2 Rge8 18. b3 d5 19. cxd5 Bxd5 {...Bd6 would now be nice for Black.} 20. Bf3 Bd6 21. Qxg5 Bxf3 22. gxf3 Qe6 23. Kb1 Be7 24. Qf4 Bd6 25. Qa4 {Threatens to win with Rhe1.} Bb8 26. Rdg1 Qd7 27. Qc4 Qd5 28. Qg4+ $1 f5 29. Qh5 Rg8 (29... Rf8 $16) 30. Re1 (30. Bf6 $18) 30... Bf4 (30... Rgf8 $16 {is a better defense.}) 31. Bf6 Rd7 32. Kb2 b6 {[#]} (32... b5 $16) 33. Re8+ $1 $18 Rxe8 34. Qxe8+ Kb7 35. Rh8 {[%csl Gh8][%cal Re8c8]} Ka6 {Hoping for ...Qd1.} 36. Qe2+ ({White should try} 36. a3 $18) 36... Kb7 $16 37. a4 (37. Rh5 $16) 37... Qd6 38. Bc3 $40 {[%mdl 128] Black needs to defend precisely.} Re7 {[#]} 39. Qc4 $1 Be5 40. Rf8 Bxc3+ 41. Qxc3 {[%mdl 4096] Endgame KQR-KQR} Qd5 42. f4 Ka6 43. a5 bxa5 44. Rf6+ Kb5 45. Ka3 {White threatens Qf3! and mate.} Re4 $2 {[%mdl 8192]} (45... Qd4 $16 46. Qxd4 cxd4) 46. Qh3 $2 ({White should play} 46. Qe5 $18 {Qb8+ would kill now.} Qxe5 47. c4+ (47. fxe5 c4 $16) 47... Rxc4 48. bxc4+ (48. fxe5 Rf4 $17) 48... Kxc4 49. fxe5) 46... Qd1 $1 $11 {[%cal Rd1a1]} 47. Qc3 {aiming for Qb2.} a4 48. Rxf5 Qc1+ $1 49. Qb2 Qxb2+ 50. Kxb2 axb3 51. Kxb3 {KR-KR} Rb4+ 52. Kc3 Rc4+ 53. Kd3 Rd4+ 54. Ke3 Rc4 55. Kd2 Rd4+ 56. Ke2 Re4+ 57. Kd2 Rd4+ 58. Kc1 a5 59. Rf8 Re4 60. f5 Re1+ (60... Re2 $11) 61. Kb2 (61. Kd2 $16 Re7 62. f6 Rd7+ 63. Ke3) 61... Rf1 62. Rb8+ Kc6 63. Rf8 Rxf2 64. f6 a4 65. Ka3 Kb7 $2 (65... Kd5 $11) 66. c4 $2 (66. Kxa4 $18 c4 67. Kb5) 66... Rf4 $2 {[%mdl 8192]} (66... Rf3+ $11 67. Kxa4 Kc6) 67. f7 $2 (67. Kxa4 $18 {And now Kb5 would win.} Rxc4+ 68. Kb5) 67... Ka7 {The position is equal.} 68. Kxa4 Rxc4+ 69. Kb5 Rf4 70. Kxc5 Kb7 71. Kd6 {Ke6 is the strong threat.} Rf1 {Accuracy: White = 52%, Black = 48%.} 1/2-1/2

[Event "7th Altibox Norway Chess Armageddon 2019"]
[Site "Stavanger"]
[Date "2019.06.08"]
[Round "4.4"]
[White "Anand, Viswanathan"]
[Black "Ding, Liren"]
[Result "1-0"]
[WhiteElo "2767"]
[BlackElo "2805"]
[Annotator "TA"]
[PlyCount "53"]
[EventDate "2019.06.04"]
[EventType "tourn"]
[EventCountry "NOR"]
[SourceTitle "playchess.com"]
[Source "ChessBase"]
[SourceQuality "1"]

{[%evp 12,53,15,15,15,15,19,9,9,9,9,6,10,0,0,-7,2,-57,29,14,72,67,64,69,54,53,57,50,218,133,100,37,37,19,19,0,0,-329,694,688,692,716,29995,29996]} 1. e4 e5 2. Nf3 Nc6 3. Bc4 Bc5 4. O-O Nf6 5. d3 O-O 6. c3 d6 7. Re1 a5 {C54: Giuoco Piano: 4 c3 Nf6, main lines with 5 d4 and 5 d3} 8. h3 h6 9. Nbd2 Be6 {The position is equal.} 10. Bb5 Qb8 11. Nf1 Qa7 12. Qd2 Rad8 $146 ({Predecessor:} 12... a4 13. Ng3 Qa5 14. Bxc6 bxc6 15. Nh4 {0-1 (44) Dominguez Perez,L (2750)-Vidit,S (2707) Hengshui 2019}) 13. Ng3 Ne7 14. d4 (14. Ba4 $11) 14... Bb6 (14... exd4 $15 15. Nxd4 Qb6) 15. Qc2 Ng6 (15... exd4 $11 16. Nxd4 Bxd4 17. cxd4 Qxd4) 16. Be3 $16 c6 17. Bd3 Rfe8 18. Qd2 d5 19. Bxh6 {Hoping for exd5.} dxe4 $2 (19... gxh6 $2 20. exd5 Rxd5 21. Qxh6 $18) (19... exd4 $14 20. cxd4 Bxd4) 20. Nxe4 Nxe4 21. Rxe4 (21. Bxe4 $16 {aiming for Qg5.} exd4 22. Bxg6 fxg6 23. cxd4) 21... Bd5 $14 ({Avoid the trap} 21... gxh6 $2 22. Qxh6 Bd5 23. Rg4 $1 $18 {[%mdl 512]} (23. Nxe5 Bxe4 24. Bxe4 Rd6 $16)) 22. Rg4 e4 {[%mdl 64] Double Attack} 23. Nh4 exd3 24. Nf5 $2 {[%mdl 8192]} (24. Nxg6 $11 fxg6 25. Rxg6) 24... Be6 $4 {[%mdl 8192]} (24... Re2 $19 25. Qxd3 Qa6) 25. Bxg7 $18 Bxf5 {[#]} 26. Qh6 $1 {[%mdl 512] White threatens Bf6 and mate.} Re6 {[#]} 27. Bh8 $1 {[%mdl 512] Accuracy: White = 54%, Black = 58%.} 1-0

[Event "7th Altibox Norway Chess Armageddon 2019"]
[Site "Stavanger"]
[Date "2019.06.09"]
[Round "5.1"]
[White "Vachier-Lagrave, Maxime"]
[Black "Carlsen, Magnus"]
[Result "1/2-1/2"]
[WhiteElo "2779"]
[BlackElo "2875"]
[Annotator "TA"]
[PlyCount "91"]
[EventDate "2019.06.04"]
[EventType "tourn"]
[EventCountry "NOR"]
[SourceTitle "playchess.com"]
[Source "ChessBase"]
[SourceQuality "1"]

{[%evp 15,91,-1,11,0,-1,-4,0,-2,0,-6,4,9,7,4,5,0,10,8,6,16,12,10,8,13,14,0,0,0,3,7,16,0,0,0,2,0,0,0,0,0,0,-8,-8,-27,0,0,0,0,0,0,0,-2,0,-26,-27,-25,0,0,0,-29,0,-8,-8,-8,0,0,0,0,0,0,0,0,0,0,0,0,0,-8]} 1. c4 e5 2. Nc3 Nf6 3. Nf3 Nc6 4. g3 d5 5. cxd5 Nxd5 6. Bg2 Bc5 7. O-O O-O 8. d3 h6 9. Bd2 {A29: English Opening: Four Knights Variation with 4 g3} (9. Nxd5 Qxd5 10. a3 a5 11. Bd2 Qe6 12. Rc1 Qe7 13. Bc3 Nd4 14. e3 Nxf3+ 15. Qxf3 Bd6 16. Qh5 c6 {1-0 (38) Carlsen,M (2845)-Giri,A (2797) Shamkir 2019}) 9... Nf6 10. Na4 $146 ({Predecessor:} 10. Rc1 Be6 11. Na4 Bd6 12. a3 Qe7 13. Qc2 Rad8 14. Be3 Rfe8 15. Nc5 Bxc5 16. Bxc5 Qd7 {1-0 (33) Balleer,D (2006)-Oppel,D (1503) GER email 2011}) 10... Bb6 11. Rc1 Re8 12. Bc3 e4 13. dxe4 Nxe4 14. Qxd8 Rxd8 15. Be5 Re8 16. Nxb6 axb6 17. Bxc7 Rxa2 18. Ne5 Bf5 19. Nxc6 bxc6 20. f3 Nd2 21. Rf2 {Hoping for e4.} Rxb2 22. e4 Be6 23. Be5 Rb5 {[#] And now ...Nb3 would win.} 24. Rxd2 {Strongly threatening Bc7.} Rxe5 25. Rxc6 Rb5 26. f4 g6 27. e5 Kg7 28. Be4 Rb4 29. Bf3 Ra8 30. Kf2 Ra2 31. Rxa2 Bxa2 $11 {[%mdl 4096] Endgame KRB-KRB} 32. Bg4 h5 33. Bd7 Rb2+ 34. Ke3 Rxh2 35. Rc7 Kf8 36. Rc8+ Kg7 {Threatens to win with ...Rg2.} 37. Rc7 Kf8 38. f5 {The position is equal.} gxf5 39. Bxf5 Be6 (39... Bd5 {with more complications.} 40. Kf4 Rg2 41. Rc1 Rb2 42. Kg5 Kg7) 40. Bxe6 fxe6 {KR-KR} 41. Rb7 Rb2 42. Kf4 Rf2+ 43. Ke4 Re2+ 44. Kf4 Rf2+ 45. Ke4 Re2+ 46. Kd4 {Accuracy: White = 57%, Black = 66%.} 1/2-1/2

[Event "7th Altibox Norway Chess Armageddon 2019"]
[Site "Stavanger"]
[Date "2019.06.09"]
[Round "5.2"]
[White "So, Wesley"]
[Black "Anand, Viswanathan"]
[Result "1/2-1/2"]
[WhiteElo "2754"]
[BlackElo "2767"]
[Annotator "TA"]
[PlyCount "84"]
[EventDate "2019.06.04"]
[EventType "tourn"]
[EventCountry "NOR"]
[SourceTitle "playchess.com"]
[Source "ChessBase"]
[SourceQuality "1"]

{[%evp 11,84,8,22,8,45,35,38,29,36,32,58,0,0,0,0,0,0,-24,-16,-26,-32,-27,0,-50,-36,-30,-32,-32,-31,-21,-29,-23,-25,-28,0,0,0,0,0,-6,6,-8,-8,-3,-4,-13,0,0,0,0,0,0,0,0,0,0,0,0,0,0,0,0,0,0,0,-4,-4,-4,-4,-41,-38,-47,-4,-4,-4]} 1. d4 Nf6 2. Nf3 d5 3. g3 c6 4. Bg2 Bf5 5. c4 e6 6. Nc3 Nbd7 7. Nh4 {D11: Slav Defence: 3 Nf3 sidelines and 3...Nf6 4 e3 Bg4} (7. Qb3 Qb6 8. c5 Qxb3 9. axb3 a6 10. b4 Rc8 11. O-O Be7 12. Bf4 h6 13. h3 g5 14. Be3 Ne4 {½-½ (41) Grachev,B (2673)-Rublevsky,S (2698) Sochi 2015}) 7... Bg6 8. Qb3 Qb6 9. c5 $146 {White is slightly better.} ({Predecessor:} 9. Nxg6 hxg6 10. O-O Be7 11. Rd1 O-O 12. h4 Qb4 13. c5 a5 14. Qc2 a4 {½-½ (35) Szczepanski,Z (2417)-Hrubaru,M (2066) LSS email 2010}) 9... Qa6 10. Nxg6 hxg6 11. e4 (11. O-O $1 $14) 11... b6 $11 12. exd5 exd5 13. cxb6 axb6 14. Bf1 b5 15. Bd3 Bd6 16. O-O O-O 17. Qc2 Qa7 18. Ne2 Rfc8 19. Be3 c5 20. dxc5 Bxc5 21. Bxc5 Nxc5 22. Bxb5 Qb6 (22... Qb7 $5 {[%cal Rb7b5]} 23. Bd3 Ng4 $11) 23. Bd3 $1 Nxd3 24. Qxd3 Qxb2 25. a4 Qc2 26. Nf4 g5 27. Qxc2 Rxc2 28. Nd3 Ne4 29. a5 Nc5 30. Nb4 Rb2 $1 {[%cal Rb2b4]} 31. Nc6 Ra6 32. Nd4 Nb3 33. Nxb3 Rxb3 {[%mdl 4096] Endgame KRR-KRR} 34. Ra2 Rb5 35. Rfa1 d4 36. Kf1 Re5 37. Ra4 d3 38. f4 gxf4 39. gxf4 Rd5 40. Ke1 d2+ 41. Kd1 g6 (41... Re6 $5 42. a6 $8 Re1+ 43. Kc2 d1=Q+ 44. Rxd1 Rexd1 $15) 42. R1a2 Kg7 {Accuracy: White = 73%, Black = 61%.} 1/2-1/2

[Event "7th Altibox Norway Chess Armageddon 2019"]
[Site "Stavanger"]
[Date "2019.06.09"]
[Round "5.4"]
[White "Ding, Liren"]
[Black "Aronian, Levon"]
[Result "1/2-1/2"]
[WhiteElo "2805"]
[BlackElo "2752"]
[Annotator "TA"]
[PlyCount "194"]
[EventDate "2019.06.04"]
[EventType "tourn"]
[EventCountry "NOR"]
[SourceTitle "playchess.com"]
[Source "ChessBase"]
[SourceQuality "1"]

{[%evp 11,194,0,7,0,0,-22,-20,-6,0,0,0,0,0,0,0,-7,-18,-26,56,0,0,0,0,-28,5,0,26,-113,-79,-110,-63,-98,-100,-98,-106,-197,-203,-202,-172,-338,-193,-185,-162,-145,-145,-143,-60,-62,-63,-77,-83,-96,-83,-97,-97,-223,0,0,0,0,0,0,0,0,0,0,0,-316,0,0,0,0,59,43,51,74,138,21,24,-27,429,339,320,271,588,588,588,580,496,486,445,438,5052,5052,5052,5052,5052,5052,1000,0,0,0,256,257,258,258,261,0,0,0,0,0,0,0,0,0,0,0,0,0,0,0,0,0,0,0,0,0,0,0,0,0,0,0,0,0,0,0,0,0,0,0,0,0,0,0,0,0,0,0,0,0,0,0,0,0,0,0,0,0,0,0,0,0,0,0,0,0,0,0,0,0,0,0,0,0,0,0,0,0,0,0,0,0,0]} 1. c4 Nf6 2. Nc3 e5 3. Nf3 Nc6 4. e3 Bb4 5. Qc2 Bxc3 6. bxc3 O-O 7. d3 {A28: English Opening: Four Knights Variation} d6 8. Be2 e4 (8... Ne8 9. O-O f5 10. c5 d5 11. c4 e4 12. Nd2 Nb4 13. Qb3 exd3 14. Bf3 Na6 {1-0 (44) Ding,L (2805)-Karjakin,S (2752) Abidjan 2019}) 9. dxe4 Re8 10. Nd2 Ng4 $146 ({Predecessor:} 10... Qe7 11. f3 b6 12. Nb3 Nd7 13. O-O Nce5 {½-½ (39) Teeriaho,T (2345)-Kaan,J (2206) ICCF email 2015}) 11. h3 Qh4 12. g3 Qh6 $1 13. Ba3 b6 14. f4 Nf6 (14... Nxe3 $6 15. Qd3 $16) (14... Na5 $11) 15. Bf3 (15. O-O-O $14) 15... Bb7 $11 16. O-O-O Na5 17. g4 Nd7 (17... Nxe4 $5 18. Bxe4 Bxe4 19. Nxe4 Nxc4 $15 {[%mdl 64] Double Attack}) 18. g5 Qe6 19. f5 (19. Bg4 $11 {keeps the balance.} Qe7 20. Rhe1) 19... Qe5 20. Rhg1 Nc5 21. Rg4 Bc6 22. Bxc5 Qxc5 23. Qd3 (23. Re1 $17) 23... Qa3+ 24. Kb1 {[#]} b5 $1 {[%mdl 512]} 25. Ka1 $2 ({Don't blunder} 25. cxb5 $2 Rab8 $19) (25. Qc2) 25... Rab8 (25... b4 $142 26. Qc2 bxc3) 26. Qc2 $19 Nxc4 27. Nxc4 bxc4 28. Qc1 Qxc1+ (28... Qa5 $17 29. Rd4 Rb6) 29. Rxc1 $15 g6 30. f6 Re5 31. Rb1 Rxb1+ 32. Kxb1 $17 {[%mdl 4096] Endgame KRB-KRB} h5 33. Rg2 (33. gxh6 $17 Re6 34. Rf4) 33... Bxe4+ $2 (33... Kf8 $19 34. Kc1 Ke8) 34. Bxe4 $11 Rxe4 $19 {KR-KR} 35. Rb2 $1 Kf8 36. Rb8+ Re8 37. Rb7 Rxe3 38. Rxa7 Ke8 39. Ra8+ Kd7 40. Rf8 Rxh3 41. Rxf7+ {[#]} Ke6 $1 42. Re7+ $14 {[%mdl 1024] White has compensation.} Kd5 43. a4 h4 (43... Rxc3 44. Rxc7 Kd4 45. a5 $14) 44. a5 (44. Rxc7 $16 {Hoping for a5.} Rxc3 45. a5) 44... Kc6 $1 $11 ({But not} 44... Rxc3 $2 45. a6 $18) 45. Rg7 (45. a6 $142 Kb6 46. a7 $1 {[%mdl 576] Decoy} Kxa7 47. Rxc7+ {[%mdl 64] Double Attack} Kb6 48. Rg7) 45... Rxc3 $2 {[%mdl 8192]} (45... Rg3 $11) 46. Rxg6 $18 {And now f7 would win.} Rf3 47. Rh6 h3 $2 {[#]} (47... Rf5 {is tougher.}) 48. Rxh3 $3 {[%mdl 512]} Rxh3 {KR-K3P} 49. f7 Rf3 50. g6 Kb5 51. g7 Rxf7 (51... Rf1+ $142 52. Kc2 Rf2+ 53. Kc3 Rf3+ 54. Kd2 Rf2+ 55. Kc3 Rf3+ 56. Kd2 Rf2+ 57. Kd1 Rf1+ 58. Kc2 Rf2+ 59. Kd1 Rf1+ 60. Kd2 Rf2+) 52. g8=Q {KQ-KR} Rf1+ 53. Kc2 Rf2+ 54. Kc3 Rf3+ 55. Kd4 $2 (55. Kd2 $18 {White wants to mate with Qd5+.} Rd3+ 56. Kc2) 55... Rd3+ $11 56. Ke4 {Black must now prevent Qa8.} d5+ $2 {[%mdl 8192] [#]} (56... Kxa5 $11 57. Qb8 Ka4) 57. Ke5 $1 $18 {Qa8 is the strong threat.} Kxa5 {[#]} 58. Qb8 $1 Ka4 59. Qxc7 $2 (59. Qb2 $18) 59... Kb3 $11 {The position is equal.} 60. Qb6+ Kc2 61. Qf2+ Kb3 62. Qb6+ Kc2 63. Qf2+ Kd1 64. Qf5 Kd2 65. Qf4+ Kd1 66. Qg4+ $1 Kd2 67. Qg2+ Kd1 68. Qg1+ Kd2 69. Qf2+ Kd1 70. Qg1+ Kd2 71. Qh2+ Kd1 72. Qh5+ (72. Qg1+ {keeps more tension.}) 72... Kd2 73. Qh6+ Kd1 74. Qa6 Kd2 75. Qa2+ Kd1 76. Qb1+ Kd2 77. Qb2+ Kd1 78. Qa1+ Kd2 79. Qb2+ Kd1 80. Qb1+ Kd2 81. Qb2+ Kd1 82. Kd6 c3 83. Qb3+ Kd2 84. Qb4 Kd1 85. Qg4+ Kd2 86. Qg2+ Kd1 87. Qf1+ Kd2 88. Qf2+ Kd1 89. Qf5 Kd2 90. Qf4+ Kd1 91. Qg4+ Kd2 92. Qb4 Kd1 93. Qb1+ Kd2 94. Qb4 Kd1 95. Qb5 Kd2 96. Qa5 Kd1 97. Qb5 Kd2 {Accuracy: White = 52%, Black = 67%.} 1/2-1/2

[Event "7th Altibox Norway Chess Armageddon 2019"]
[Site "Stavanger"]
[Date "2019.06.09"]
[Round "5.5"]
[White "Mamedyarov, Shakhriyar"]
[Black "Grischuk, Alexander"]
[Result "0-1"]
[WhiteElo "2774"]
[BlackElo "2775"]
[Annotator "TA"]
[PlyCount "74"]
[EventDate "2019.06.04"]
[EventType "tourn"]
[EventCountry "NOR"]
[SourceTitle "playchess.com"]
[Source "ChessBase"]
[SourceQuality "1"]

{[%evp 10,74,20,7,16,17,8,0,6,3,9,-18,-20,-21,-18,-26,27,22,32,36,94,92,92,6,5,6,32,33,36,18,19,5,20,3,17,0,0,0,0,-8,0,-9,-9,-28,-16,-15,-16,-42,-39,-33,-13,-58,-58,-63,-22,-29,-29,-71,-75,-201,-54,-65,-52,-102,-96,-170,-162]} 1. d4 Nf6 2. c4 e6 3. Nc3 Bb4 4. Nf3 O-O 5. Bg5 c5 6. Rc1 cxd4 {E21: Nimzo-Indian: 4 Nf3} 7. Nxd4 h6 8. Bh4 d5 {The position is equal.} 9. e3 (9. cxd5 g5 10. Bg3 Qxd5 11. a3 Bxc3+ 12. bxc3 Ne4 13. f3 Nxg3 14. hxg3 {½-½ (45) Harikrishna,P (2743)-Kramnik,V (2779) Batumi 2018}) 9... e5 10. Nf3 {[#]} d4 $1 {[%mdl 512]} 11. exd4 exd4 12. Qxd4 Re8+ $146 (12... g5 $142 13. Bg3 Nc6 14. Qxd8 Rxd8) ({Predecessor:} 12... g5 13. Bg3 Re8+ 14. Be2 {½-½ (73) Melkumyan,H (2647)-Kuzubov,Y (2656) Martuni 2014}) 13. Be2 $1 $11 Qxd4 14. Nxd4 Nc6 (14... Ne4 $14) 15. Bxf6 $16 gxf6 16. Nc2 ({White should try} 16. Ndb5 $16) 16... Bxc3+ $1 $11 17. bxc3 Ne5 {Black wants to play ...Nd3+.} 18. Ne3 Be6 19. O-O Rac8 {[%cal Re5c4]} 20. Rfd1 Rc5 21. Rd4 Rec8 22. h3 Nxc4 23. Bxc4 Bxc4 24. Rd7 R5c7 25. Rxc7 Rxc7 {[%mdl 4096] Endgame KRB-KRN} 26. a3 Be6 27. f4 Rc5 28. g4 f5 29. Kf2 Kg7 30. Kf3 Kf6 31. a4 b6 32. c4 Ra5 33. Rd1 Rxa4 34. Rd8 (34. Rd4 $17) 34... Ra3 ({Better is} 34... fxg4+ $19 35. hxg4 Bxc4 36. Nxc4 Rxc4) 35. Ke2 $1 $15 Ra2+ 36. Kd3 Rh2 37. gxf5 (37. Ra8 $17) 37... Bxf5+ {Accuracy: White = 37%, Black = 53%.} 0-1